| 000 | 00431nam a2200181Ia 4500 | ||
|---|---|---|---|
| 001 | 13493 | ||
| 005 | 20260306164805.0 | ||
| 008 | 260306t2008||||xx |||||||||||||| ||spa|| | ||
| 041 | _aESP | ||
| 082 |
_a004.36 _bT19 2008 |
||
| 100 |
_aTanenbaum, Andrew S. _eAUT |
||
| 245 | 0 |
_aSistemas distribuidos: _bprincipios y paradigmas |
|
| 260 | _c2008 | ||
| 300 |
_a _c |
||
| 650 | _aGEN | ||
| 654 | _aCCC | ||
| 942 |
_cLIB _dJUS _fJUS _2ddc _n |
||
| 999 |
_c13493 _d13493 |
||